| 000 | 00682nam a22002177a 4500 | ||
|---|---|---|---|
| 005 | 20251108173502.0 | ||
| 008 | 250721s2000 xx 000 0 ara d | ||
| 020 | _a9776078001 | ||
| 082 | 1 | 4 | _aط/956.0651/صال |
| 100 | 1 | _aصالح، محمد عبد الله | |
| 245 | 1 | 0 | _aفتح الأندلس / |
| 264 | 1 |
_aالقاهرة : _bالفرسان 2000، _c2000. |
|
| 300 | _a16ص. | ||
| 490 | 0 |
_aالفتوحات الإسلامية _v10 |
|
| 650 | 1 | 7 | _aالفتوحات الإسلامية |
| 650 | 1 | 7 | _aالتاريخ الإسلامي |
| 650 | 1 | 7 | _aفتح الاندلس 716-711 |
| 653 | _aناشئون صغار (10-14 سنة ) | ||
| 942 |
_2ddc _cBK |
||
| 999 |
_c105028 _d105028 |
||